Регионална библиотека "Любен Каравелов" - Русе

Щрихи към образа на Александър Божинов (Запис номер 505157)

MARC детайли
000 -Лидер
Контролно поле с фиксирана дължина 01956nam a2200337 a 4500
003 - Код на организацията, давaща контролен номер
Контролно поле BLK
005 - Дата и час на последна редакция
Контролно поле 20241217165607.0
008 - Елементи от данни с фиксирана дължина
fixed length control field 220204b bu |||||r|||| 00| | bu d
020 ## - Международен стандартен номер на книга ISBN
Международен стандартен номер на книга ISBN 978-619-185-618-3
040 ## - Източник на каталожния запис
Идентификатор на билиотеката - собственик на записа BLK
041 ## - Код за език
Код за езика на текст/звукозапис или на отделно заглавие Български
Код за езика КДБФ Български
080 ## - УДК
Текстов определител УДК Карикатура. Комикс
УДК код - определител по УДК 741.5
УДК - код + определител 741.5.071.1(497.2)(092)
080 ## - УДК
Текстов определител УДК Български художник, публицист и писател
УДК код - определител по УДК 929 Божинов, Александър Николов
УДК - код + определител 929 Божинов, Александър Николов
100 ## - Редна дума - Автор
Автор Добрева, Ваня Чавдарова
R(LIN) 341796
245 ## - Сведения за заглавието
Заглавие Щрихи към образа на Александър Божинов
Подзаглавни данни колективна монография
Редно поле (дума) Ваня Добрева и др. ; науч. ред. Диана Стоянова
257 ## - Страна на издаване
Страна на създаване/издаване България
260 ## - Област на издателските данни
Място на издаване, разпространение и проч. София
Име на издателя, разпространителя и проч. За буквите - О писменехь
Година на издаване 2023
Издателство - префикс ISBN 978-619-185- ; 954-8887-
9 (RLIN) 213640
300 ## - Физическа характеристика
Страници 264 с. : с ил., факс., портр.
Размери/Мащаб 24 см
380 ## - Жанр
Жанр Изкуство
500 ## - Общи забележки
Забележка Загл. и на англ. ез.: Touches to Alexander Bozhinov's image<br/>Други авт.: Боряна Бужашка, Иванка Янкова, Мила Кръстева, Камелия Нушева, Дарина Илиева, Деница Мизинска<br/>Съдържа рец. от Венцислав Велев<br/>Кн. е ил. с рис. на Александър Божинов, Яна Язова
600 14 - Име на лице, използвано като предмет
9 (RLIN) 40549
За него / За нея Божинов, Александър Николов
650 #0 - Допълнително описание по предмет – тема
Основно описание – тема или топоним Художници, български - биографии
9 (RLIN) 247486
650 #0 - Допълнително описание по предмет – тема
Основно описание – тема или топоним Карикатуристи, български
9 (RLIN) 293582
653 ## - Ключова дума – ненормативна
Ключова дума карикатури
700 ## - Други автори (авторска отговорност)
9 (RLIN) 390472
Лично име Стоянова, Диана Манолова
852 ## - Местоположение
Форматна сигнатура Цб 321830
856 ## - Електронен адрес и достъп
Инструкция (цена за достъп) 0.00
Права за достъп disable
942 ## - АРТИКУЛИ
Вид на библиотечния материал Книги
Скрит в OPAC Не
Периодичен библиозапис Да
944 ## - СЪЗДАВАНЕ И РЕДАКЦИЯ на ЗАПИСА
Дата на регистрацията/редакция Нора Радева
Служител, извършил регистрацията/редакцията 30540
Статус, дата на статуса Севдалина Тодорова
999 ## - СИСТЕМНИ КОНТРОЛНИ НОМЕРА
Koha biblionumber 505157
Koha biblioitemnumber 505157
999 ## - СИСТЕМНИ КОНТРОЛНИ НОМЕРА
Koha biblioitemnumber 505157
Наличности
Код за отписване Код за изгубен артикул Източник на класификационната схема Код за повреда Коз за рестрикции Код за отдаване Артикулен № Име на библиотеката - собственик Име на библиотеката, в която се намира в момента Статус (Текущо местоположение) Дата на вписване в системата Местоположение - отдел Цена в лева Инвентарен номер Систематично азбучна сигнатура Баркод Цена в евро Служебен тип на артикула
  Не е изгубен Universal Decimal Classification Не е повреден само за читалня ползва се в читалня 940540 Регионална библиотека "Любен Каравелов" Русе Регионална библиотека "Любен Каравелов" Русе Хранилище 2024-03-07 Хранилище 14.00 120000899568 Цб 321830 120000899568 7.16 Книги
Vip Innovations Ltd, Rousse, Bulgaria 2025